Псевдолинейные корректирующие устройства систем автоматического регулирования; Современные техника и технологии; Т. 2

Մատենագիտական մանրամասներ
Parent link:Современные техника и технологии: сборник трудов XIX международной научно-практической конференции студентов, аспирантов и молодых ученых, Томск, 15-19 апреля 2013 г./ Национальный исследовательский Томский политехнический университет (ТПУ).— , 2013
Т. 2.— 2013.— [С. 327-328]
Հիմնական հեղինակ: Поправка Г. Н.
Համատեղ հեղինակ: Национальный исследовательский Томский политехнический университет (ТПУ) Институт кибернетики (ИК) Кафедра автоматики и компьютерных систем (АИКС)
Այլ հեղինակներ: Скороспешкин В. Н. Владимир Николаевич (научный руководитель)
Ամփոփում:Заглавие с титульного экрана
Լեզու:ռուսերեն
Հրապարակվել է: 2013
Շարք:Информатика и управление в технических системах
Խորագրեր:
Առցանց հասանելիություն:http://www.lib.tpu.ru/fulltext/c/2013/C01/V2/160.pdf
Ձևաչափ: Էլեկտրոնային Գրքի գլուխ
KOHA link:https://koha.lib.tpu.ru/cgi-bin/koha/opac-detail.pl?biblionumber=243592

MARC

LEADER 00000naa2a2200000 4500
001 243592
005 20251218161007.0
035 |a (RuTPU)RU\TPU\book\264942 
035 |a RU\TPU\book\264935 
090 |a 243592 
100 |a 20131002d2013 k y0rusy50 ca 
101 0 |a rus 
102 |a RU 
135 |a drnn ---uucaa 
181 0 |a i  
182 0 |a b 
200 1 |a Псевдолинейные корректирующие устройства систем автоматического регулирования  |f Г. Н. Поправка, В. Н. Скороспешкин  |g науч. рук. В. Н. Скороспешкин 
203 |a Текст  |c электронный 
225 1 |a Информатика и управление в технических системах 
300 |a Заглавие с титульного экрана 
320 |a [Библиогр.: с. 328 (1 назв.)] 
337 |a Adobe Reader 
461 1 |0 (RuTPU)RU\TPU\book\263794  |t Современные техника и технологии  |o сборник трудов XIX международной научно-практической конференции студентов, аспирантов и молодых ученых, Томск, 15-19 апреля 2013 г.  |o в 3 т.  |f Национальный исследовательский Томский политехнический университет (ТПУ)   |d 2013 
463 1 |0 (RuTPU)RU\TPU\book\263797  |t Т. 2  |v [С. 327-328]  |d 2013 
610 1 |a труды учёных ТПУ 
610 1 |a электронный ресурс 
610 1 |a псевдолинейные устройства 
610 1 |a корректирующие устройства 
610 1 |a автоматическое регулирование 
700 1 |a Поправка  |b Г. Н. 
701 1 |a Скороспешкин  |b В. Н.  |c специалист в области информатики и вычислительной техники  |c доцент Томского политехнического университета, кандидат технических наук  |f 1951-  |g Владимир Николаевич  |3 (RuTPU)RU\TPU\pers\26808  |9 12433 
702 1 |a Скороспешкин  |b В. Н.  |c российский учёный в области автоматики и компьютерных систем  |c доцент Томского политехнического университета  |f 1951-  |g Владимир Николаевич  |3 (RuTPU)RU\TPU\pers\26808  |4 727 
712 0 2 |a Национальный исследовательский Томский политехнический университет (ТПУ)  |b Институт кибернетики (ИК)  |b Кафедра автоматики и компьютерных систем (АИКС)  |3 (RuTPU)RU\TPU\col\18698 
801 2 |a RU  |b 63413507  |c 20131002  |g RCR 
856 4 |u http://www.lib.tpu.ru/fulltext/c/2013/C01/V2/160.pdf 
942 |c CF